[Event "CZE-chT2E 0910"]
[Site "Czech Republic"]
[Date "2009.11.22"]
[Round "3.6"]
[White "Urban, Vlastimil"]
[Black "Sudrich, Radek"]
[Result "1/2-1/2"]
[WhiteElo "2039"]
[BlackElo "2099"]
[PlyCount "64"]
[EventDate "2009.10.18"]
[EventType "team-tourn"]
[EventRounds "11"]
[EventCountry "CZE"]
[SourceTitle "EXT 2012"]
[Source "ChessBase"]
[SourceDate "2011.11.24"]
[SourceVersion "1"]
[SourceVersionDate "2011.11.24"]
[SourceQuality "1"]
[WhiteTeam "Hustopece"]
[BlackTeam "Holesov"]
[WhiteTeamCountry "CZE"]
[BlackTeamCountry "CZE"]

1. d4 d5 2. c4 c6 3. Nf3 e6 4. Qc2 Nf6 5. Bg5 Nbd7 6. Nc3 Bb4 7. e3 Qa5 8. Nd2 dxc4 9. Bxf6 Nxf6 10. Nxc4 Qg5 11. a3 Be7 12. Ne5 h5 13. b4 0-0 14. h4 Qh6 15. g3 Nd7 16. Nf3 b6 17. Bg2 Bb7 18. Ne5 Nxe5 19. dxe5 Rab8 20. Ne4 c5 21. 0-0 Qg6 22. bxc5 Bxc5 23. Qa4 Bxe4 24. Bxe4 Qg4 25. Kg2 f5 26. exf6 gxf6 27. Bc6 Qxa4 28. Bxa4 Kf7 29. Bd1 Kg6 30. a4 Rfd8 31. Bb3 e5 32. Rfd1 Be7 1/2-1/2